| 000 | 00522nam a2200157 a 4500 | ||
|---|---|---|---|
| 008 | 120416s0000 ||||||||||||||||| || u | ||
| 020 | _a0333217020 | ||
| 050 | _aT 57.9 Mur | ||
| 100 | _aMurdoch, J | ||
| 245 | 1 | 0 | _aQueueing theory |
| 246 | _aworked examples and problems | ||
| 260 |
_aLondon _bMacmillan _c1978 |
||
| 300 | _aviii, 88p. : ill. | ||
| 350 | _a0.00 | ||
| 995 |
_D0.00 _FCBU-MAIN LIBRARY (Kitwe) _H1 _I5.95 _M1 _UAVAILABLE _ZMain Library Open Access Collection |
||
| 999 |
_c55518 _d55518 |
||